| 000 | 01922cam a2200481 a 4500 | ||
|---|---|---|---|
| 001 | 20874 | ||
| 003 | VRT | ||
| 005 | 20260206115241.0 | ||
| 008 | 240318s1993 xo a cr 0000j slo | ||
| 015 | _aSNBA1994/01 | ||
| 020 |
_a8006005397 _q(viaz.) |
||
| 035 | _aSNK000016610 | ||
| 039 | 9 |
_a202408161530 _bcsnk01 _c202408161529 _dcsnk01 _c202408161528 _dcsnk01 _c202408011324 _dmsnk116 |
|
| 040 |
_aSNK _bslo _cSNK _eAACR2 |
||
| 041 | 1 |
_aslo _hfre |
|
| 044 |
_axo _cSK |
||
| 072 | 7 |
_a821.133.1-3 _xFrancúzska próza, francúzsky písaná _2konspekt |
|
| 072 | 7 |
_a821-93 _xLiteratúra pre deti a mládež (beletria) _2konspekt |
|
| 080 |
_a821.133.1-34 _22001 |
||
| 080 |
_a82-93-053.4/.5 _22011 |
||
| 100 | 1 |
_aSaint-Exupéry, Antoine de, _d1900-1944 _4aut _4ill |
|
| 240 | 1 | 3 |
_aLe petit prince _lSlovensky |
| 245 | 1 | 0 |
_aMalý princ _bs autorovými kresbami _cAntoine de Saint-Exupéry ; preklad Elena Šmatláková |
| 250 | _a3. vyd. | ||
| 260 |
_aBratislava _bMladé letá _c1993 _eBanská Bystrica _fTlačiarne BB, spol. s r.o. |
||
| 300 |
_a118 s. _bilustr. _c21 cm |
||
| 500 | _aOdporúčané ako mimočítanková literatúra pre 4. roč. ZŠ | ||
| 500 | _aPreložené z francúzštiny | ||
| 655 | 7 |
_afrancúzske rozprávky _2SNKPH |
|
| 655 | 7 |
_aautorské rozprávky _2SNKPH |
|
| 655 | 7 |
_aliteratúra pre deti _2SNKPH |
|
| 700 | 1 |
_aŠmatláková, Elena, _d1926-1987 _4trl |
|
| 700 | 1 |
_aHykisch, Anton, _d1932-2024 _4aft |
|
| 942 |
_2ddc _cKLDO _n0 |
||
| 949 |
_6369701000016187 _aaubbO 11847 _baubbO11847 _pDarca: Stračina, Svetozár |
||
| 949 |
_617A0056647 _9P60, <05>, [BOOK], {605} _asnkSC 84988 D1 |
||
| 949 |
_6270001000033971 _asvkbbA 85183 _bsvkbbm 582532 |
||
| 949 |
_60174026059 _alesknPRINT _blesknBD2012/19247 |
||
| 949 |
_617A0996381 _asnkSC 84988 |
||
| 949 |
_6273K0202183 _asvkpoA 161156 _bsvkpo397916 _oPV 1018/94 |
||
| 999 |
_c20874 _d20874 |
||